000 00354nam a22001337a 4500
003 SGT
020 _a9789381520185
082 _a891.4309
_bK15S
100 _aसुबीर, पंकज
245 _aकसाब गाँधी @ यरवदा. in
260 _b शिवना प्रकाशन
_c2015
300 _a176
942 _2ddc
_cBK
999 _c30059
_d30059